Elementary mechanics of solids (Record no. 4447)

000 -LEADER
fixed length control field 00558nam a2200217 a 4500
001 - CONTROL NUMBER
control field 4447
003 - CONTROL NUMBER IDENTIFIER
control field BD-DhUET
008 - FIXED-LENGTH DATA ELEMENTS--GENERAL INFORMATION
fixed length control field 810420t19811980nyua b 001 0 eng
020 ## - INTERNATIONAL STANDARD BOOK NUMBER
International Standard Book Number 085226819X
040 ## - CATALOGING SOURCE
Original cataloging agency DLC
Transcribing agency DLC
Modifying agency BD-DhUET
082 ## - DEWEY DECIMAL CLASSIFICATION NUMBER
Classification number 531
Item number SIN/1980
100 ## - MAIN ENTRY--PERSONAL NAME
Personal name Singh, Pashupati Nath
245 10 - TITLE STATEMENT
Title Elementary mechanics of solids
250 ## - EDITION STATEMENT
Edition statement 1st ed.
260 ## - PUBLICATION, DISTRIBUTION, ETC. (IMPRINT)
Place of publication, distribution, etc. New Delhi
Name of publisher, distributor, etc. Wiley Eastern
Date of publication, distribution, etc. 1980
300 ## - PHYSICAL DESCRIPTION
Extent xvi, 616p.
Other physical details ill.
504 ## - BIBLIOGRAPHY, ETC. NOTE
Bibliography, etc Includes bibliographies
650 #0 - SUBJECT ADDED ENTRY--TOPICAL TERM
Topical term or geographic name as entry element Mechanics of solids
700 ## - ADDED ENTRY--PERSONAL NAME
Personal name Jha, Prem Kumar
942 ## - ADDED ENTRY ELEMENTS (KOHA)
Koha item type General Book
Holdings
Koha full call number Source of classification or shelving scheme Price effective from Koha normalized classification for sorting Shelving location Koha date last seen Damaged status Withdrawn status Sublocation or collection (holding branch) Not for loan Koha item type Copy number Lost status Piece designation (barcode) Location (home branch) Date acquired
531/SIN/1980 2014-11-16531_000000000000000_SIN_1980Circulation section2014-11-16  Central Library, BUET General Book1 59249Central Library, BUET2014-11-16
531/SIN/1980 2015-03-10531_000000000000000_SIN_1980Circulation section2015-03-10  Central Library, BUET General Book2 59250Central Library, BUET2015-03-10
531/SIN/1980 2015-03-10531_000000000000000_SIN_1980Circulation section2015-03-10  Central Library, BUET General Book3 59252Central Library, BUET2015-03-10
531/SIN/1980 2015-03-10531_000000000000000_SIN_1980Circulation section2015-03-10  Central Library, BUET General Book4 59245Central Library, BUET2015-03-10
531/SIN/1980 2015-03-10531_000000000000000_SIN_1980Circulation section2015-03-10  Central Library, BUET General Book5 59246Central Library, BUET2015-03-10
531/SIN/1980 2015-03-11531_000000000000000_SIN_1980 2015-03-11  Central Library, BUET General Book6  Central Library, BUET2015-03-11
531/SIN/1980 2015-03-11531_000000000000000_SIN_1980Circulation section2015-03-11  Central Library, BUET General Book7 59248Central Library, BUET2015-03-11
531/SIN/1980 2015-03-11531_000000000000000_SIN_1980Circulation section2015-03-11  Central Library, BUET General Book8 57348Central Library, BUET2015-03-11
531/SIN/1980 2015-03-22531_000000000000000_SIN_1980Circulation section2016-03-27  Central Library, BUET General Book9 55367Central Library, BUET2015-03-22
531/SIN/1980 2015-06-08531_000000000000000_SIN_1980Reading section2015-06-08  Central Library, BUET Reading Item10 59244Central Library, BUET2015-06-08
531/SIN/1980 2015-06-08531_000000000000000_SIN_1980Reading section2015-06-08  Central Library, BUET Reading Item11 59243Central Library, BUET2015-06-08